000 01375nam a2200337 a 4500
001 ebr10747419
003 CaPaEBR
006 m o u
007 cr cn|||||||||
008 130415s2013 njua sb 001 0 eng d
010 _z 2013014154
020 _z9781118609637 (pbk.)
020 _z9781118728567 (e-book)
040 _aCaPaEBR
_cCaPaEBR
035 _a(OCoLC)841187086
050 1 4 _aTS171
_b.N49 2013eb
082 0 4 _a658.5/752
_223
100 1 _aNewbery, Patrick.
245 1 0 _aExperience design
_h[electronic resource] :
_ba framework for integrating brand, experience, and value /
_cPatrick Newbery, Kevin Farnham.
260 _aHoboken, N.J. :
_bJohn Wiley & Sons, Inc.,
_c2013.
300 _avii, 232 p. :
_bcol. ill.
504 _aIncludes bibliographical references and index.
505 0 _asection I. Context -- section II. Frameworks and tools -- section III. Moving forward.
533 _aElectronic reproduction.
_bPalo Alto, Calif. :
_cebrary,
_d2013.
_nAvailable via World Wide Web.
_nAccess may be limited to ebrary affiliated libraries.
650 0 _aProduct design.
650 0 _aIndustrial design.
655 7 _aElectronic books.
_2local
700 1 _aFarnham, Kevin.
710 2 _aebrary, Inc.
856 4 0 _uhttp://site.ebrary.com/lib/rucke/Doc?id=10747419
_zAn electronic book accessible through the World Wide Web; click to view
999 _c34942
_d34942